| 000 | 01675cam a22003975i 4500 | ||
|---|---|---|---|
| 001 | 016319196 | ||
| 003 | EG-ScBUE | ||
| 005 | 20250227093821.0 | ||
| 008 | 140227t2014 enka f b 001 0 eng d | ||
| 020 | _a9780273787112 | ||
| 020 | _a027378711X | ||
| 040 |
_aEG-ScBUE _beng _erda _cEG-ScBUE _dEG-ScBUE |
||
| 082 | 0 | 4 |
_a519.50285554 _222 _bLEV |
| 100 | 1 |
_aLevine, David M., _d1946- _eauthor. |
|
| 245 | 1 | 0 |
_aStatistics for managers using Microsoft Excel / _cDavid M. Levine, Department of Statistics and Computer Information Systems, Zicklin School of Business, Baruch College, City University of New York, David F. Stephan, Two Bridges Instructional Technology, Kathryn A. Szabat, Department of Business Systems and Analytics, School of Business, La Salle University. |
| 250 | _aSeventh edition. | ||
| 250 | _aGlobal edition. | ||
| 264 | 1 |
_aHarlow : _bPearson Education Limited, _c[2014] |
|
| 264 | 4 | _cc2014 | |
| 300 |
_a787 pages : _billustrations ; _c28 cm |
||
| 336 |
_2rdacontent _atext _btxt |
||
| 337 |
_aunmediated _2rdamedia _bn |
||
| 338 |
_avolume _bnc _2rdacarrier |
||
| 504 | _aIncludes bibliographical references and index. | ||
| 630 | 0 | 7 |
_aMicrosoft Excel (Computer file) _94503 |
| 650 | 7 |
_aManagement _xStatistical methods. _2BUEsh _9436 |
|
| 650 | 7 |
_aCommercial statistics. _2BUEsh _9802 |
|
| 650 | 7 |
_aElectronic spreadsheets. _2BUEsh _914106 |
|
| 650 | 7 |
_aManagement _xStatistical methods _xComputer programs. _2BUEsh |
|
| 650 | 7 |
_aCommercial statistics _xComputer programs. _2BUEsh |
|
| 653 |
_bBUSADM _cOctober2016 |
||
| 655 | _vReading book | ||
| 700 | 1 |
_aStephan, David, _eauthor. |
|
| 700 | 1 |
_aSzabat, Kathryn A., _eauthor. |
|
| 942 |
_2ddc _cBB |
||
| 999 |
_c22938 _d22910 |
||